Ex-Nomi di Paesi Moderni - Statistics

Statistiche generali
  • Questo quiz è stato fatto 211 volte
    135 dall'ultimo reset
  • Il punteggio medio è 9 su 13
Statistiche sulle risposte
Precedente Nome Paese Moderno % Corretto
Persia Iran
92%
Birmania Myanmar
90%
Stato Pontificio Città del Vaticano
89%
Mesopotamia Iraq
85%
Abissinia Etiopia
78%
Swaziland eSwatini
72%
Zaire Repubblica Democratica del Congo
71%
Formosa Taiwan
57%
Siam Thailandia
53%
Ceylon Sri Lanka
51%
Rodesia del Sud Zimbabwe
51%
Rodesia del Nord Zambia
50%
Dahomey Benin
22%
Nessun quiz corrispondente trovato
Distribuzione punteggi
Percentuale di utenti per punteggio
Percentile per numero di risposta
I tuoi punteggi nel tempo
Non hai fatto questo quiz dall'ultimo reset